Responses for Show #5155 - Friday, January 26, 2007

Contestants

[<< previous game]

Stephen Cooper, a math teacher from Sandy Springs, Georgia

Nate Meyer, an attorney from Los Angeles, California

Su Kim, an accountant from Elgin, Illinois (whose 2-day cash winnings total $29,500)

[next game >>]

Jeopardy! Round responses

SINGAPORE
THIS CATEGORY IS FULL OF BEANS
STUPID ANSWERS
(Alex: One of my favorites.)
19th CENTURY NAMES
HEY, "TEX"!
YOU MUST BE FROM DALLAS
    $200 15
(Stephen: What is Malaysian?)

Chinese

NateStephen
    $200 6
the Civil War

Nate
    $200 1
Russia

Su
    $200 16
Detroit

Nate
    $200 10
textbook

Nate
    $200 30
(Stephen) Stills

Nate
    $400 22
an orchid

Su
    $400 7
L.L. Bean

Su
    $400 2
State Fair

Su
    $400 17
(P.T.) Barnum

Nate
    $400 11
the texture

Su
    $400 29
(Nate: Who is Dolly Parton?)

Morgan Fairchild

NateStephen
    $600 23
density

Stephen
    $600 8
Judge (Roy) Bean

Su
    $600 3
Gig Young

Su
    $600 18
(John) Bartlett

Stephen
    $600 12
(Stephen: What is a textile?)

latex

Stephen
Triple Stumper
    $600 28
Lee Trevino

Stephen
    $800 24
Sanskrit

Nate
    $800 9
an ichthyologists

Stephen
    $800 4
Duke

Nate
    $800 19
the Barrymores

Su
    $1,000 13
(Su: What is context?)
(Alex: No, what is [*]?)
(Su: [*], ahh!)
(Alex: Or [*]ing.)

pretext

Su
    $800 27
Sly Stone

Su
    $1000 25
Malaysia

Nate
    $1000 21
Alan Bean

Triple Stumper
    $1000 5
1

Stephen
    $1000 20
(Nate: Who is Rodin?)

(Frédéric) Bartholdi

SuNate
    $1000 14
the context

Stephen
    $1000 26
Meat Loaf

Stephen

Scores at the first commercial break (after clue 15):

Su Nate Stephen
$1,600 $1,400 $2,000

Scores at the end of the Jeopardy! Round:

Su Nate Stephen
$4,600 $2,600 $5,200

Double Jeopardy! Round responses

NOVELS
FILM SCHOOL
PAINTERS & PAINTINGS
POTPOURRI
(Alex: You have to name the country for us in...)
SHE USED TO BE IN CHARGE
GERMAN
    $400 2
(John) le Carré

Stephen
    $400 11
Barbershop

Nate
    $400 26
Van Gogh

Stephen
    $400 15
the Nobel Prize

Stephen
    $400 1
Argentina

Stephen
    $400 18
kindergarten

Nate
    $1,400 3
(Stephen: What is The Sun Also Rises?)
(Alex: No.)
(Stephen: For Whom the Bell Tolls?)

A Farewell to Arms

Stephen
    $800 12
A History of Violence

Nate
    $800 30
Disraeli

Nate
    $800 16
Ye Olde

Nate
    $800 5
(Nate: What is Bangladesh?)

Pakistan

SuNate
    $800 19
beer

Stephen
    $1200 4
The Day of the Locust

Triple Stumper
    $1200 13
The English Patient

Stephen
    $1200 29
Marat

Nate
    $1200 17
Sticks Nix

Triple Stumper
    $1200 8
France

Su
    $1200 23
a sore throat

Su
    $1600 6
(Katherine Anne) Porter

Stephen
    $1600 14
(Nate: What is The Hours?)

The French Lieutenant's Woman

Nate
Triple Stumper
    $1600 28
Cézanne

Su
    $1600 20
Bob Schieffer

Triple Stumper
    $1600 9
Iceland

Nate
    $1600 24
verboten

Su
    $2000 7
Galsworthy

Su
    $2000 22
(Alex: And he gets him off in [*].)

Anatomy of a Murder

Triple Stumper
    $2000 27
(Stephen: What is The Reivers?)
(Su: What is The Sowers?)

The Gleaners

SuStephen
Triple Stumper
    $2000 21
(Stephen: What is a human?)

a Yahoo

NateStephen
    $2000 10
Canada

Su
    $2,000 25
(Alex: [*]. "A [*] Night Music." Yes.)

little

Su

Scores at the end of the Double Jeopardy! Round:

Su Nate Stephen
$15,000 $8,200 $5,000

[wagering suggestions for these scores]

Final Jeopardy! Round responses

ANIMALS
(Alex: Twenty Thousand Leagues Under the Sea was the novel and the movie.)
StephenWhat is the giant squid?
$3,201
NateWhat is the Giant Squid?
$8,200
SuWhat is a giant squid?
$1,401
the giant squid

Final scores:

Su Nate Stephen
$16,401 $16,400 $8,201
3-day champion: $45,901 2nd place: $2,000 3rd place: $1,000

Game dynamics:

Coryat scores:

Su Nate Stephen
$16,000 $8,200 $6,400
18 R
(including 1 DD),
2 W
(including 1 DD)
17 R,
4 W
15 R,
5 W
(including 1 DD)

Combined Coryat: $30,600

[game clues] [game scores] [suggest correction]

Game tape date: 2006-11-15
The J! Archive is created by fans, for fans. Scraping, republication, monetization, and malicious use prohibited; this site may use cookies and collect identifying information. See terms. The Jeopardy! game show and all elements thereof, including but not limited to copyright and trademark thereto, are the property of Jeopardy Productions, Inc. and are protected under law. This website is not affiliated with, sponsored by, or operated by Jeopardy Productions, Inc. Join the discussion at JBoard.tv.